00430nam a2200157Ia 4500003000400000008004100004040001600045082001300061100001900074245007700093260004200170300000800212650002600220650001300246650001300259GCL140319s9999 xx 000 0 eng d aGCL / cGCL04a759bL F1 aLEVEY, MICHAEL10aFROM GIATTO TO CEZANNE: A CONCISE HISTORY OF PAINTING / cLEVEY, MICHAEL a[S.N] : bTHAMES AND HUDSON ، c1992 a32404aHISTORY AND CRITICISM04aPAINTING04aPAINTERS